| 000 | 01262nam a2200325Ic 4500 | ||
|---|---|---|---|
| 001 | 59920 | ||
| 003 | CO-BoRNBP | ||
| 005 | 20251112143015.0 | ||
| 007 | ta | ||
| 008 | 180109s2016 ck g 000 0 spa | ||
| 020 | _a9789588870663 | ||
| 040 |
_aCO-BoRNBP _bspa _erda _cCO-BoRNBP |
||
| 041 | _aspa | ||
| 082 | 0 | 4 |
_a641.5636 _bF33r |
| 100 |
_aFigueroa Duarte, Sandra _eaut _967174 |
||
| 245 | 0 | 0 |
_a500 recetas de cocina vegetariana / _cSandra Figueroa Duarte, Consuelo Bedoya de Acuña. |
| 250 | _aPrimera edición | ||
| 264 | 1 |
_aBogotá, Colombia : _bGrijalbo, _c2016 |
|
| 300 | _a400 páginas | ||
| 336 |
_atexto _btxt _2rdacontent |
||
| 337 |
_asin mediación _bn _2rdamedia |
||
| 338 |
_avolumen _bnc _2rdacarrier |
||
| 500 | _aIncluye glosario e índice alfabético | ||
| 505 | 0 | _aCereales -- Legumbres -- Hortalizas -- Ensaladas, tempuras y sushi -- Sopas y cremas -- Tubérculos y plátano -- Salsas -- Pasabocas, emparedados y esparcibles -- Panes y repostería -- Postres y bebidas -- Frutas -- Hierbas, especias y semillas | |
| 650 | 0 | 7 |
_aAlimentos naturales (cocina) _2lemb _967175 |
| 650 | 0 | 7 |
_aCocina vegetariana _2lemb _921356 |
| 650 | 0 | 7 |
_aNutrición _2armarc _959079 |
| 700 |
_aBedoya de Acuña, Consuelo, _eaut _967176 |
||
| 942 |
_2ddc _cBK |
||
| 999 |
_c59920 _d59920 |
||